La integración didáctica : una alternativa para la formación profesional del maestro de matemáticas y física (Registro nro. 393796)
[ vista simple ]
| 001 - NÚMERO DE CONTROL | |
|---|---|
| campo de control | 984236 |
| 005 - FECHA Y HORA DE LA ÚLTIMA TRANSACCIÓN | |
| campo de control | 20240419090255.0 |
| 008 - DATOS DE LONGITUD FIJA--INFORMACIÓN GENERAL | |
| campo de control de longitud fija | 060714s2006 spa |
| 035 ## - NÚMERO DE CONTROL DEL SISTEMA | |
| Número de control de sistema | 984236 |
| 035 ## - NÚMERO DE CONTROL DEL SISTEMA | |
| Número de control de sistema | (OCoLC)820356768 |
| 040 ## - FUENTE DE LA CATALOGACIÓN | |
| Centro/agencia transcriptor | comduadb |
| 041 ## - CÓDIGO DE LENGUA | |
| Código de lengua del texto/banda sonora o título independiente | spa |
| 100 10 - ENTRADA PRINCIPAL--NOMBRE DE PERSONA | |
| Nombre de persona | Valverde Ramirez, Lourdes |
| Código de función | aut |
| Término indicativo de función/relación | Autor/a |
| 9 (RLIN) | 299496 |
| 245 13 - MENCIÓN DE TÍTULO | |
| Título | La integración didáctica : una alternativa para la formación profesional del maestro de matemáticas y física |
| 650 ## - PUNTO DE ACCESO ADICIONAL DE MATERIA--TÉRMINO DE MATERIA | |
| Término de materia o nombre geográfico como elemento de entrada | Didáctica de las matemáticas |
| 9 (RLIN) | 1342 |
| 650 ## - PUNTO DE ACCESO ADICIONAL DE MATERIA--TÉRMINO DE MATERIA | |
| Término de materia o nombre geográfico como elemento de entrada | Investigación educativa |
| 9 (RLIN) | 4655 |
| 650 ## - PUNTO DE ACCESO ADICIONAL DE MATERIA--TÉRMINO DE MATERIA | |
| Término de materia o nombre geográfico como elemento de entrada | Innovación curricular |
| 9 (RLIN) | 69618 |
| 650 ## - PUNTO DE ACCESO ADICIONAL DE MATERIA--TÉRMINO DE MATERIA | |
| Término de materia o nombre geográfico como elemento de entrada | Formación de docentes |
| 9 (RLIN) | 175860 |
| 650 #7 - PUNTO DE ACCESO ADICIONAL DE MATERIA--TÉRMINO DE MATERIA | |
| Término de materia o nombre geográfico como elemento de entrada | Planes de estudio |
| Fuente del encabezamiento o término | |
| 9 (RLIN) | 839 |
| 700 10 - ENTRADA AGREGADA--NOMBRE PERSONAL | |
| Nombre de persona | Escobar Londoño, Julia Victoria |
| Código de función | aut |
| Término indicativo de función/relación | Autor/a |
| 9 (RLIN) | 414163 |
| 773 0# - ENLACE AL DOCUMENTO FUENTE/ENTRADA DE REGISTRO ANFITRIÓN | |
| Título | Uni-pluri/versidad (Medellín) |
| Parte(s) relacionada(s) | Vol. 06, No. 01, 2006, P. 47-62 |
| Número de control del registro | 667169 |
| Número Internacional Normalizado para Publicaciones Seriadas | 1657-4249 |
| Número bibliográfico anfitrión | 200034 |
| 942 ## - ELEMENTOS DE ENTRADA AGREGADA (KOHA) | |
| Tipo de ítem Koha | Artículo de Revista |
No hay ítems disponibles.